Využitie grafického procesora na riešenie rovníc v simulácii pomocou CUDA

Salvato in:
Dettagli Bibliografici
Autore principale: Tamás, Gregor (Autore)
Altri autori: Konôpka, Martin (Relatore della tesi)
Natura: Manoscritto Libro
Lingua:slovacco
Pubblicazione: 2017
Soggetti:
Accesso online:http://is.stuba.sk/zp/portal_zp.pl?podrobnosti=131220
Tags: Aggiungi Tag
Nessun Tag, puoi essere il primo ad aggiungerne!!

MARC

LEADER 00000ntm a22000003a 4500
001 stuzp59589
003 SK-STU
005 20170726095608.7
007 ta
008 150427s2015----xo-----f-mn---000-0-slo-d
040 |a STU  |b slo 
041 0 |a slo 
044 |a xo 
100 1 |a Tamás, Gregor  |u 036000  |4 aut  |U FEI Fakulta elektrotechniky a informatiky  |T FEI Ústav jadrového a fyzikálneho inžinierstva  |X 63536  |U E060  |Y 817  |7 63536 
242 0 1 |a Utilisation of graphics processing unit for solving equations in simulation via CUDA interface  |y eng 
245 1 0 |a Využitie grafického procesora na riešenie rovníc v simulácii pomocou CUDA 
260 |c 2017 
300 |a 34 s.,   |b CD-ROM 
650 4 |a blok  |2 slo 
650 4 |a CUDA  |2 slo 
650 4 |a prúd  |2 slo 
650 4 |a vlákno  |2 slo 
650 4 |a CUDA  |2 eng 
650 4 |a current  |2 eng 
650 4 |a thread  |2 eng 
650 4 |a block  |2 eng 
700 1 |a Konôpka, Martin  |u 036000  |k Z2  |4 ths  |U FEI Fakulta elektrotechniky a informatiky  |T FEI Ústav jadrového a fyzikálneho inžinierstva  |X 1912  |U E060  |Y 817  |7 A000001912 
856 4 |u http://is.stuba.sk/zp/portal_zp.pl?podrobnosti=131220 
996 |b 284ER02417  |c E*Bc- 2417  |l EE36  |s P  |a 0  |w stuzp59589_0001